| 000 | 00352nam a22001577a 4500 | ||
|---|---|---|---|
| 003 | SGT | ||
| 020 | _a978-93-82428-65-7 | ||
| 082 |
_a610.73 _bH14J |
||
| 100 | _aJINDAL, ARUN KUMAR | ||
| 245 | _aHAND BOOK OF CLINICAL NURSING | ||
| 250 | _a1ST | ||
| 260 |
_aINDIA _bKUMAR PUB _c2014 |
||
| 300 | _a176 | ||
| 650 | _aNURSING BOOKS | ||
| 942 |
_2ddc _cBK |
||
| 999 |
_c20139 _d20139 |
||